Physical properties of fats, oils, and emulsifiers /
Guardado en:
| Otros Autores: | |
|---|---|
| Formato: | Libro |
| Idioma: | English |
| Publicado: |
Champaign, Ill. :
AOCS Press,
c1999.
|
| Materias: | |
| Etiquetas: |
Agregar Etiqueta
Sin Etiquetas, Sea el primero en etiquetar este registro!
|
| LEADER | 00799cam a22002295a 4500 | ||
|---|---|---|---|
| 001 | EIQ.libpla003153 | ||
| 008 | 000211s1999####ilua#####b####001#0#eng#d | ||
| 005 | 20071026192847.0 | ||
| 245 | 0 | 0 | |a Physical properties of fats, oils, and emulsifiers / |c editor, Neil Widlak. |
| 260 | |a Champaign, Ill. : |b AOCS Press, |c c1999. | ||
| 300 | |a viii, 260 p. : |b il. ; |c 24 cm. | ||
| 504 | |a Incluye referencias bibliográficas e índice. | ||
| 020 | |a 0935315950 (acid-free) | ||
| 700 | 1 | |a Widlak, Neil., |e ed. |4 edt | |
| 082 | 0 | 0 | |a 664/.06 |2 21 |
| 650 | 4 | |a Alimentos |x Aceites y grasas comestibles. | |
| 650 | 4 | |a Alimentos |x Aditivos. | |
| 650 | 4 | |a Foods |x Oils and fats, Edible. | |
| 650 | 4 | |a Foods |x Additives. | |
| 010 | |a 00021575 | ||
| 040 | |a DLC |c DLC |d AR-BbSID | ||
| 859 | |a AR-BbSID |b BIB. PLAPIQUI |h 664.06 |i P 998 |p 5194 | ||
